000 00523nam a22001817a 4500
003 BUBTL
008 171128b xxu||||| |||| 00| 0 eng d
020 _a0-632-04775-5
082 _a687.04COG
100 _91130
_a Cooklin,Gerry
245 _aGarment Technology For Fashion Designers :
_cGerry Cooklin
260 _aAustralia :
_bBlackwell Science,
_cc1997.
300 _aviii,152 p. :
_bill. ;
_c21.5 cm.
650 0 _9905
_aTextile
856 _k0
_l0
_yDownload
942 _2ddc
_cBK
999 _c5576
_d5576